| 000 | 02446nam a22003497a 4500 | ||
|---|---|---|---|
| 001 | 102550 | ||
| 003 | KnowledgeUnlatched | ||
| 005 | 20210303105137.0 | ||
| 006 | m o d | ||
| 007 | cr u|||||||||| | ||
| 008 | 210129p20162019enk o u00| u eng d | ||
| 037 | _5BiblioBoard | ||
| 245 | 0 | 0 |
_aQueering the Shakespeare Film _bGender Trouble, Gay Spectatorship and Male Homoeroticism / _cAnthony Guy Patricia. |
| 020 | _a9781474237055 | ||
| 029 | 1 | _ahttps://library.biblioboard.com/ext/api/media/f884827e-5765-42a8-86fa-b737e8a8ed16/assets/thumbnail.jpg | |
| 040 |
_aScCtBLL _cScCtBLL |
||
| 100 | 1 |
_aPatricia, Anthony Guy _eauthor. |
|
| 264 | 1 | _bBloomsbury Academic, | |
| 300 | _a1 online resource (316 p.) | ||
| 506 | 0 |
_aAccess copy available to the general public. _fUnrestricted _2star |
|
| 520 | _aA range of mainstream and independent English language film productions of A Midsummer Night's Dream, Romeo and Juliet, Othello, Twelfth Night, and The Merchant of Venice take centre stage in Queering the Shakespeare Film. This study critiques the various representations of the queer - broadly understood as that which is at odds with what has been deemed to be the normal, the legitimate, and the dominant, particularly - but not exclusively - as regards sexual matters, in the Shakespeare film. The movies chosen for analysis correspond deliberately with those Shakespeare plays that, as written texts, have been subjected to a great deal of productive study in a queer context since the beginnings of queer theory in the early 1990s. Thus the book extends the ongoing queer discussion of these written texts to their counterpart cinematic texts. Queering the Shakespeare Film is a much-needed alternative and complementary critical history of the Shakespeare film genre. | ||
| 588 | 0 | _aDescription based on print version record. | |
| 590 | _aKU Select 2018: HSS Backlist Books | ||
| 650 | 7 |
_aLiterary Criticism / Shakespeare _2bisacsh |
|
| 650 | 0 |
_aLiterature _xHistory and criticism |
|
| 655 | 0 | _aElectronic books. | |
| 758 |
_iIs found in: _aKnowledge Unlatched _1https://openresearchlibrary.org/module/2774bc74-146a-484f-a7ba-ab1d6a09bbfb |
||
| 856 | 4 | 0 |
_uhttps://openresearchlibrary.org/content/f884827e-5765-42a8-86fa-b737e8a8ed16 _zView this content on Open Research Library. _70 |
| 999 |
_c33767 _d33767 |
||